| 000 | 00724nam a2200229Ia 4500 | ||
|---|---|---|---|
| 005 | 20241129105928.0 | ||
| 008 | 241129s9999||||xx |||||||||||||| ||und|| | ||
| 020 | _a978-81-267-2251-8 | ||
| 037 | _aTB | ||
| 040 |
_aARTS _bhin _cARTS |
||
| 041 |
_ahin _2hin |
||
| 084 |
_aO152,6N27:g R2 _qARTS |
||
| 100 | _aनामवर सिंह, ले. | ||
| 245 | 0 |
_aसाहित्य की पहचान _cनामवर सिंह, ले. |
|
| 250 | _a2 | ||
| 260 |
_aनई दिल्ली, भारत _bराजकमल प्रकाशन _c2008 |
||
| 300 | _a233पृ0 | ||
| 365 |
_aINR _b895 |
||
| 650 | _aHindi Prose | ||
| 942 |
_cTB _hO152,6N27:g R2 |
||
| 999 |
_c1226629 _d1226629 |
||